000 01814cam a22004337a 4500
001 000074965
003 CHAP
005 20220329141703.0
008 971013s1968 r 00010 d
010 _a72200
011 _a73172
035 _a82729
040 _cCHAP
082 _a551.59
_bG35
100 0 0 _aGarcía, Enriqueta.
_946774
245 1 4 _aLos climas del valle de México según el sistema de clasificación climática de Koeppen modificado por la autora.
260 _aChapingo, Méx. :
_bColegio de Postgraduados,
_c1968.
300 _a34 p.
490 0 _aColegio de Postgraduados. Serie de sobretiros
_v; 6
500 _aEncuadernado con: Mosiño Alemán, Pedro. Evaluación de la sequía intraestival en la República Mexicana
590 _aBATCH-UPD
_b10
_c20130110
_lUCH01
_h0835
590 _aBATCH-UPD
_b10
_c20130410
_lUCH01
_h0513
590 _aBATCH-UPD
_b10
_c20130914
_lUCH01
_h0948
590 _aCONVERSION
_b10
_c20130109
_lUCH01
_h1339
590 _aE5995AHE
_b05
_c20150223
_lUCH01
_h1206
650 1 4 _aClima y vegetación.
_923863
650 1 4 _aClima
_xMéxico.
_923835
830 0 _aColegio de Postgraduados. Serie de sobretiros
_v; 6
_925103
901 _aBK
942 _cLIBRO
942 _n0
949 _a551.59 G35
_bBC
_cLIBRO
_d33724000460655
_eLIBRO
_fc.5
_h43966
_i82729
_mD
_si
949 _a551.59 G35
_bBC
_cLIBRO
_d33724000940425
_eLIBRO
_h11526
_i82729
_mD
_si
949 _a551.59 G35
_bBC
_cLIBRO
_d33724000940482
_eLIBRO
_fc.2
_h31907
_i82729
_mD
_si
949 _a551.59 G35
_bBC
_cLIBRO
_d33724000940540
_eLIBRO
_fc.3
_h43964
_i82729
_mD
_si
949 _a551.59 G35
_bBC
_cLIBRO
_d33724000940607
_eLIBRO
_fc.4
_h43965
_i82729
_mD
_si
949 _a551.59 G35
_bBC
_cLIBRO
_d33724000940664
_eLIBRO
_fc.7
_h60444
_i82729
_mD
_si
949 _a551.59 G35
_bBC
_cUACH
_d-36930
_eUACH
_fc.6
_h43967
_i82729
_mD
_si
999 _c72200
_d72200